Questions for Revision in Mathematics - XII (Record no. 1360)

MARC details
000 -LEADER
fixed length control field 00238nam a22000857a 4500
003 - CONTROL NUMBER IDENTIFIER
control field OSt
005 - DATE AND TIME OF LATEST TRANSACTION
control field 20170928124717.0
008 - FIXED-LENGTH DATA ELEMENTS--GENERAL INFORMATION
fixed length control field 160630b xxu||||| |||| 00| 0 eng d
020 ## - INTERNATIONAL STANDARD BOOK NUMBER
International Standard Book Number 9788170632023
040 ## - CATALOGING SOURCE
Transcribing agency MATHS
100 ## - MAIN ENTRY--PERSONAL NAME
9 (RLIN) 1639
Personal name Garg, P.K
245 ## - TITLE STATEMENT
Title Questions for Revision in Mathematics - XII
260 ## - PUBLICATION, DISTRIBUTION, ETC. (IMPRINT)
Place of publication, distribution, etc. New Delhi
Name of publisher, distributor, etc. Arya
Date of publication, distribution, etc. 2005
942 ## - ADDED ENTRY ELEMENTS (KOHA)
Source of classification or shelving scheme Dewey Decimal Classification
Koha item type BOOK
Holdings
Withdrawn status Lost status Source of classification or shelving scheme Damaged status Not for loan Home library Current library Shelving location Date acquired Total Checkouts Full call number Barcode Date last seen Price effective from Koha item type
    Dewey Decimal Classification     Good Samaritan School Library Good Samaritan School Library Mathematics 06/30/2016   GAR510 B-10 GAR2125 06/30/2016 06/30/2016 BOOK

Powered by Koha